|
|
|
|
| LEADER |
00000nam0a2200000 4500 |
| 001 |
246722 |
| 005 |
20231101232231.0 |
| 035 |
|
|
|a (RuTPU)RU\TPU\book\268175
|
| 090 |
|
|
|a 246722
|
| 100 |
|
|
|a 20131209d1990 k y0rusy50 ca
|
| 101 |
0 |
|
|a rus
|
| 102 |
|
|
|a RU
|
| 105 |
|
|
|a a z 000zy
|
| 200 |
1 |
|
|a Переход крынку
|e концепция и программа
|
| 210 |
|
|
|a Москва
|c Архангельское
|d 1990
|
| 215 |
|
|
|a 240 с.
|c ил.
|
| 606 |
1 |
|
|a Перестройка экономики России
|2 stltpush
|3 (RuTPU)RU\TPU\subj\36599
|9 57922
|
| 610 |
1 |
|
|a рынок
|
| 610 |
1 |
|
|a концепция
|
| 610 |
1 |
|
|a программа
|
| 610 |
1 |
|
|a рыночная экономика
|
| 610 |
1 |
|
|a экономический союз
|
| 610 |
1 |
|
|a стабильность
|
| 610 |
1 |
|
|a ценообразование
|
| 610 |
1 |
|
|a конверсия
|
| 686 |
|
|
|a У9(2)0-961
|v LBC/SL-A
|2 rubbk
|
| 801 |
|
1 |
|a RU
|b 63413507
|c 20131209
|
| 801 |
|
2 |
|a RU
|b 63413507
|c 20131220
|g RCR
|
| 942 |
|
|
|c BK
|